000
00257nam a22001097a 4500
008
240708b |||||||| |||| 00| 0 eng d
100
_a
Raina, Vimal
_9
16673
245
_a
Pyasa Pani
260
_a
Delhi:
_b
Atma Ram pub;
_c
1965.
300
_a
372p.
942
_c
BK
999
_c
40464
_d
40464